000 00889nam a2200313 a 4500
003 AR-BaBNM
005 20251128205413.0
008 082120s2002 ||||||||||||||000 | spa||
020 _a84-276-0678-8
040 _cAR-BaBNM
100 1 _aOvidio Nason, Publio
245 0 0 _aFastos
260 _aMadrid
_bEditora Nacional
_c1984
300 _a446 p.
490 0 _aBiblioteca de la literatura y el pensamiento universales
_vv. 59
500 _aContiene referencias bibliográficas en p. 439
500 _aIndice de siglas y abreviaturas en p. 443
650 4 _aLITERATURA LATINA
650 4 _aPOESIA
650 4 _aHISTORIA ANTIGUA
650 4 _aRELIGIONES ANTIGUAS
650 4 _aMITOLOGIA
653 _aPOESIA POLITICA
653 _aPOESIA RELIGIOSA
655 _aLITERATURA
700 1 _aMarcos Casquero, Manuel Antonio
_etraductor
942 _cBK
998 _cMARTIN
999 _c11291
_d11291